| 000 | 01100nam a2200301 4500 | ||
|---|---|---|---|
| 001 | 190433 | ||
| 003 | ES-MaACL | ||
| 005 | 20240110151512.0 | ||
| 008 | 210326s2006 sp ae 001 0 spa | ||
| 020 | _a84-96692-04-3 | ||
| 080 | _a821.111(73) Brown, Dan 7 Solomon key.07 | ||
| 080 | _a821.111(73) Brown, Dan 7 da Vinci code.07 | ||
| 080 | _a003.29(0:82) | ||
| 080 | _a061.236(0:82) | ||
| 100 | 1 |
_aTaylor, Greg _c(periodista) _9171115 |
|
| 245 | 1 | 4 |
_aLos secretos de Dan Brown y La llave de Salomón / _cGreg Taylor ; [traducción, Mari Luz Ponce Hernández]. |
| 250 | _a1ª ed. | ||
| 260 |
_aBarcelona : _bViaMagna, _c2006. |
||
| 300 |
_a175, [16] p. : _bil., planos ; _c23 cm. |
||
| 600 | 1 | 7 |
_aBrown, Dan. _931983 |
| 650 | 7 |
_aCódigos y claves- _xEn la literatura. _9154546 |
|
| 650 | 7 |
_aSociedades secretas- _xEn la literatura. _9171116 |
|
| 852 | 4 |
_aES-MaACL _jA-14633 _9197610 _bR.152193 _cDEPO1 _dOlim: N-7633 _hDonación: José Lázaro |
|
| 903 |
_9234219 _aLázaro García, José _ednr |
||
| 942 |
_2udc _cMONOGRAFIA |
||
| 999 |
_c190433 _d190433 |
||